Ταυτότητα και ετερότητα στο Αρχαίο Ελληνικό Δράμα : δέκατο διεθνές συμπόσιο αρχαίου ελληνικού δράματος, 4-6 Σεπτεμβρίου 2008 Δρούσια-Πάφος Κύπρος

Saved in:
Bibliographic Details
Other Authors: Γεωργίου, Χριστάκης (Translator)
Format: Book
Language:Greek
English
Published: Λευκωσία : [Κυπριακό Κέντρο Δ.Ι.Θ.], 2010
Subjects:
Tags: Add Tag
No Tags, Be the first to tag this record!

MARC

LEADER 00000cam a2200000 i 4500
001 1/22455
008 120808s2010 gre d
020 |a 978-9963-9164-9-8 
035 |l 10113061 
040 |a GR-MY-UA  |b gre  |e aacr 
041 0 |a gre  |a eng 
082 0 |a 882.108  |2 (22) 
245 1 0 |a Ταυτότητα και ετερότητα στο Αρχαίο Ελληνικό Δράμα :  |b δέκατο διεθνές συμπόσιο αρχαίου ελληνικού δράματος, 4-6 Σεπτεμβρίου 2008 Δρούσια-Πάφος Κύπρος /  |c μετάφραση-επιμέλεια: Χριστάκης Γεωργίου 
246 2 1 |a Identity and diversity in Ancient Greek Drama  |b ; tenth international symposium on Ancient Greek Drama, 4-6 September 2008 Droushia-Paphos Cyprus 
260 |a Λευκωσία :   |b [Κυπριακό Κέντρο Δ.Ι.Θ.],   |c 2010 
300 |a 439 σ.;  |c 21 εκ. 
500 |a Δίγλωσση έκδοση, ελληνική και αγγλική 
504 |a Περιέχει βιβλιογραφικές παραπομπές 
650 0 0 |a Greek drama  |x History and criticism  |x Congresses. 
650 0 0 |a Theater  |z Cyprus  |x History  |x Congresses. 
700 1 |a Γεωργίου, Χριστάκης.  |4 trl 
852 |a INST  |b RHODES  |e 20120808  |h 882.108 ΤΑΥ  |p 005400034479  |q 005400034479  |t BK  |y 0 
901 |a BIBL4-2012-2 
909 |a Ρ  |b 171108 
922 |a 4ΕΛΗ 
970 |z 2012/08/08